01215nam a2200313Ia 4500001001200000003000800012006001900020007001500039008004100054010001700095020001800112020003300130040002100163035002100184050002400205100003000229245010800259260005700367300001600424504006600440533015200506650001500658650001000673650003100683655002900714710001700743856012600760999001500886ebr10284096CaPaEBRm u cr cn|||||||||000225s2000 nju sb 001 0 eng d z 00027418  z9780691116365 z0691050619 (CL : alk. paper) aCaPaEBRcCaPaEBR a(OCoLC)64680555814aHM1251b.S45 2000eb1 aSeligman, Adam B.,d1954-10aModernity's wagerh[electronic resource] :bauthority, the self, and transcendence /cAdam B. Seligman. aPrinceton, NJ :bPrinceton University Press,cc2000. axii, 177 p. aIncludes bibliographical references (p. [159]-171) and index. aElectronic reproduction.bPalo Alto, Calif. :cebrary,d2009.nAvailable via World Wide Web.nAccess may be limited to ebrary affiliated libraries. 0aAuthority. 0aSelf. 0aTranscendence (Philosophy) 7aElectronic books.2local2 aebrary, Inc.40uhttp://site.ebrary.com/lib/rucke/Doc?id=10284096zAn electronic book accessible through the World Wide Web; click to view c2526d2526